MARC

LEADER 00000cam a2200000 7i4500
001 0000031301
005 20260223.0
008 260210 my a may
040 |a INS   |b eng   |c INS   |e rda 
041 0 |a may 
090 0 0 |a AV186 
245 1 0 |a Introduction to Data Science Course, 26-29 Mei 2025 
264 1 |a Kajang :   |b Institut Penilaian Negara (INSPEN)   |c 2025 
300 |a 1 Course module ;   |c Various pagination. 
336 |a text  |2 rdacontent 
337 |a unmediated  |2 rdamedia 
338 |a volume  |2 rdacarrier 
650 0 |a Big data   |x Analysis 
650 0 |a Data mining   |x Study and teaching 
650 0 |a Data science   |x Study and teaching 
650 0 |a Information visualization 
650 0 |a Machine learning   |x Data preparation 
650 0 |a Python (Computer program language) 
650 0 |a SQL (Computer program language) 
830 0 |a Program Latihan 2025 
999 |a AV00000401   |b BOOK   |c Course Notes   |e Default branch